All 2024 Olympic Medalists: Surfing - Statistics

General Stats
  • This quiz has been taken 15 times
  • The average score is 4 of 6
Answer Stats
Gender Event Medal Nationality/Team Medalist % Correct
Men's Shortboard Bronze Brazil Gabriel Medina
100%
Men's Shortboard Silver Australia Jack Robinson
75%
Men's Shortboard Gold France Kauli Vaast
75%
Women's Shortboard Gold USA Caroline Marks
67%
Women's Shortboard Silver Brazil Tatiana Weston-Webb
67%
Women's Shortboard Bronze France Johanne Defay
50%
No matching quizzes found
Score Distribution
Percent of People with Each Score
Percentile by Number Answered
Your Score History
You have not taken this quiz